000 00327 a2200109 4500
001 ART_43320
005 20260410161709.0
008 260409a
245 1 0 _aEl secreto fiscal y la lucha contra la corrupción
100 1 _aSpisso, Rodolfo Roque
773 0 _tRevista Impuestos
_g- Nº 6 (jun. 2017)
_wREV639
999 _c15868
_d15868